Charles Sealsfield /

Bibliographic Details
Main Author: Grünzweig, Walter
Format: Book
Language:English
Published: Boise, Idaho : Boise State University : Orders to BSU Bookstore, [1985]
Series:Boise State University western writers series ; no. 71.
Subjects:

MARC

Tag First Indicator Second Indicator Subfields
LEADER 00000cam a2200000 a 4500
001 in00000008537
005 20151003070016.0
008 850117s1985 idu b 00010beng
010 |a  85070131  
020 |a 0884300455 (pbk.) :  |c $2.00 
035 |a (OCoLC)12673242 
035 |9 AAA0931AM 
040 |a DLC  |c DLC  |d m/c  |d TXA  |d UtOrBLW 
050 0 0 |a PT2516.S4  |b Z863 1985 
082 0 |a 813/.2  |2 19 
100 1 |a Grünzweig, Walter. 
245 1 0 |a Charles Sealsfield /  |c by Walter Grünzweig. 
264 1 |a Boise, Idaho :  |b Boise State University :  |b Orders to BSU Bookstore,  |c [1985] 
264 4 |c ©1985 
300 |a 54 pages ;  |c 21 cm. 
336 |a text  |b txt  |2 rdacontent 
337 |a unmediated  |b n  |2 rdamedia 
338 |a volume  |b nc  |2 rdacarrier 
490 1 |a Boise State University Western writers series ;  |v no. 71 
504 |a Bibliography: pages 49-54. 
600 1 0 |a Sealsfield, Charles,  |d 1793-1864. 
650 0 |a Authors, Austrian  |y 19th century  |v Biography. 
830 0 |a Boise State University western writers series ;  |v no. 71. 
999 |a MARS 
999 f f |s 9677e60c-391a-34cf-9592-ab4124d2e66e  |i 9fce72ef-06c9-39f0-a357-a68f7c0fa316  |t 0 
952 f f |p normal  |a Texas A&M University  |b College Station  |c Sterling C. Evans Library  |d Evans: Library Stacks  |t 0  |e PT2516.S4 Z863 1985  |h Library of Congress classification  |i unmediated -- volume  |m A14812615737 
998 f f |a PT2516.S4 Z863 1985  |t 0  |l Evans: Library Stacks